Car Models by Picture #4 - Statistics

General Stats
  • This quiz has been taken 261 times
  • The average score is 7 of 12
Answer Stats
Picture Hint Answer % Correct
Chevrolet Camaro
80%
BMW Z3
77%
Porsche Carrera GT
76%
Suzuki Swift
71%
Nissan Cube
63%
Ford Bronco
62%
SEAT Ibiza
59%
Chrysler PT Cruiser
54%
Škoda Yeti
38%
Land Rover Discovery
35%
Renault Laguna
32%
Triumph TR7
14%
No matching quizzes found
Score Distribution
Percent of People with Each Score
Percentile by Number Answered
Your Score History
You have not taken this quiz